Normal view
MARC view
Entry Personal Name
001 - CONTROL NUMBER
- control field: 259458
003 - CONTROL NUMBER IDENTIFIER
- control field: OSt
005 - DATE AND TIME OF LATEST TRANSACTION
- control field: 20260327091147.0
008 - FIXED-LENGTH DATA ELEMENTS
- fixed length control field: 260327|| aca||aabn | a|a d
040 ## - CATALOGING SOURCE
- Original cataloging agency: OSt
- Transcribing agency: OSt
100 ## - HEADING--PERSONAL NAME
- Personal name: CHATURVEDI (Jagpati)
- Dates associated with a name: जगपति चतुर्वेदी
670 ## - SOURCE DATA FOUND
- Source citation: Work cat.: (OSt)148698: CHATURVEDI (Jagpati) जगपति चतुर्वेदी , Mazzini mahatma, 1938